Statistics for Top 10 Slowest Growing U.S. States

Click here to take the quiz!

General Stats

  • This quiz has been taken 9,058 times
  • The average score is 6 of 10

Answer Stats

ChangeState% Correct
+ 29.7%South Dakota
69%
+ 20.2%North Dakota
68%
+ 27.3%Michigan
66%
+ 20.0%Ohio
65%
+ 14.3%Iowa
57%
- 3.49%West Virginia
55%
+ 25.3%Illinois
50%
+ 15.6%New York
46%
+ 12.9%Pennsylvania
44%
+ 23.6%Rhode Island
41%

Score Distribution

Percentile by Number Answered

Percent of People with Each Score

Your Score History

You have not taken this quiz